Statystyki dla Wielki test wiedzy ogólnej.

Kliknij tutaj aby rozwiązać quiz!

Ogólne statystyki

  • Ten quiz został rozwiązany 151 razy
  • Średni wynik to 7 z 15

Statystyki odpowiedzi

HintOdpowiedź% Poprawnych
3. Jaki pierwiastek oznaczany jest symbolem Au?Złoto
91%
5. Która planeta jest nazywana Jutrzenką?Wenus
75%
7. Stolica Argentyny.Buenos Aires
70%
9. Rok ataku na Pearl Harbor.1941
68%
14. Liczba filarów wiary islamu.5
68%
1. Organ, który oczyszcza krew.Nerka
56%
13. Imię najszybszego Archanioła.Michał
55%
6. Podaj pierwiastek, którego widmo ma 5 odcieni.Wodór
37%
4. Jaki gaz jest wydzielany zawsze przy półspalaniu?Czad
35%
11. Część zdania najczęściej określająca przymiotnik.Przydawka
35%
10. Polski generał, który zginął na skale Gibraltaru.(nazwisko)Sikorski
35%
15. 44. Prezydent USABarack Obama
34%
2. Jakiego typu korzeń występuje u rzedkiewki?Bulwa
26%
8. Największy archipelag na świecie.Malajski
18%
12. Najdalej położone na wschód państwo Magherbu.Libia
8%

Rozkład punktacji

Percentyl według liczby udzielonych odpowiedzi

Procent ludzi z każdym wynikiem

Twoja historia wyników

Nie rozwiązałeś tego quizu